PJCIS: Pakistan journal of computer and information systems / (Record no. 534508)
[ view plain ]
| 000 -LEADER | |
|---|---|
| fixed length control field | 00415nam a22001337a 4500 |
| 022 ## - INTERNATIONAL STANDARD SERIAL NUMBER | |
| International Standard Serial Number | 2519-5395 E-2519-5404 |
| 082 ## - DEWEY DECIMAL CLASSIFICATION NUMBER | |
| Classification number | Vol- |
| 100 ## - MAIN ENTRY--PERSONAL NAME | |
| Personal name | PASTIC |
| 245 ## - TITLE STATEMENT | |
| Title | PJCIS: Pakistan journal of computer and information systems / |
| Statement of responsibility, etc | Pakistan scientific and technological information center. |
| 260 ## - PUBLICATION, DISTRIBUTION, ETC. (IMPRINT) | |
| Place of publication, distribution, etc | Islamabad: |
| 300 ## - PHYSICAL DESCRIPTION | |
| Dimensions | 30cm. |
| 650 ## - SUBJECT ADDED ENTRY--TOPICAL TERM | |
| Topical term or geographic name as entry element | Computer information systems - Journals. |
| 942 ## - ADDED ENTRY ELEMENTS (KOHA) | |
| Koha item type | Continuing Resources |
| Damaged status | Not for loan | Permanent Location | Current Location | Date acquired | Full call number | Barcode | Koha item type |
|---|---|---|---|---|---|---|---|
| Central Library (CL) | Central Library (CL) | 02/28/2020 | Vol-3, No-1 2018 | S-96039 | Continuing Resources | ||
| Central Library (CL) | Central Library (CL) | 02/28/2020 | Vol-2, No-1 2017 | S-96038 | Continuing Resources |
